<?xml version="1.0" encoding="UTF-8"?>
<collection xmlns="http://www.loc.gov/MARC21/slim">
 <record>
  <leader>     na                 </leader>
  <controlfield tag="001">INLIS000000000004113</controlfield>
  <controlfield tag="005">0:yyyyMMddHHmmss</controlfield>
  <controlfield tag="008">180719|||||||||   |   |||   |||| ||   | </controlfield>
  <datafield tag="020" ind1=" " ind2=" ">
   <subfield code="a">979-22-3140-4</subfield>
  </datafield>
  <datafield tag="035" ind1=" " ind2=" ">
   <subfield code="a">0010-031300000004113</subfield>
  </datafield>
  <datafield tag="041" ind1=" " ind2=" ">
   <subfield code="a">id</subfield>
  </datafield>
  <datafield tag="082" ind1="0" ind2=" ">
   <subfield code="a">701.15</subfield>
  </datafield>
  <datafield tag="090" ind1=" " ind2=" ">
   <subfield code="a">701.15 HID t</subfield>
  </datafield>
  <datafield tag="100" ind1="0" ind2=" ">
   <subfield code="a">koko hidayat</subfield>
  </datafield>
  <datafield tag="245" ind1="0" ind2="0">
   <subfield code="a">Taiwan Crunchy cookies : kue kering taiwan</subfield>
  </datafield>
  <datafield tag="260" ind1=" " ind2=" ">
   <subfield code="a">Jakarta</subfield>
   <subfield code="b">Gramedia pustaka utama</subfield>
   <subfield code="c">2007</subfield>
  </datafield>
  <datafield tag="650" ind1=" " ind2="0">
   <subfield code="a">Cookies</subfield>
  </datafield>
 </record>
</collection>
